000 01191nam0a2200337 4500
001 RU\NLR\BIBL_A\022421644
005 20250218130850.0
010 _a978-5-04-204563-9
_94000
021 _aRU
_bАЛ-П-24-00901и
_9АЛ-П-24-0191
035 _a(NLR Aleph) 022421644
090 _a13338835
_c13338835
100 _a20241226d2024 u y0rusy50 ca
101 1 _arus
_cund
102 _aRU
105 _aa z 000yy
181 0 _ab3
_bbb2e
181 0 _ai1
_baxxe
182 0 _an
200 1 _aИной мир
_e[артбук]
_fДзюндзи Ито
_g[перевод: Анастасия Дёмина]
203 _aИзображение
_aТекст
_bвизуальные
_cнепосредственные
210 _aМосква
_cЭксмо, Комильфо
_d2024
215 _a130, [6], XIV с.
_cил., цв. ил.
_d29
333 _a18+
600 1 _aИто
_bД.
_gДзюндзи
_f1963
_2nlr_sh2
_3RU\NLR\AUTH\6601750216
686 1 _aЩ153(5Я)65-8Ито Дзюндзи
700 1 _aИто
_bД.
_f1963-
_gДзюндзи
_3RU\NLR\AUTH\770276315
942 _cBOOK
980 _aNB